书目信息 |
| 题名: |
瑞士联邦刑法典
|
|
| 作者: | 徐久生 译 | |
| 分册: | ||
| 出版信息: | 北京 中国法制出版社 1999.08 |
|
| 页数: | 134页 | |
| 开本: | 32开 | |
| 丛书名: | ||
| 单 册: | ||
| 中图分类: | D952.24 | |
| 科图分类: | ||
| 主题词: | 法律 | |
| 电子资源: | ||
| ISBN: | 7-80083-603-7 | |
| 000 | 00541nam0 2200193 45 | |
| 001 | 0010241752 | |
| 005 | 20001024172305.7 | |
| 010 | @a7-80083-603-7@d8.00元 | |
| 100 | @a20001024d1999 km y0chiy0120 ea | |
| 101 | 0 | @achi |
| 105 | @a z 000yy | |
| 200 | 1 | @a瑞士联邦刑法典@ARui Shi Lian Bang Xing Fa Dian@f徐久生译@FXu Jiu Sheng Yi |
| 210 | @a北京@c中国法制出版社@d1999.08 | |
| 215 | @a134页@d32开 | |
| 606 | 0 | @a法律 |
| 690 | @aD952.24@v3 | |
| 701 | 0 | @a徐久生@4译 |
| 801 | @aCN@bPftUser@c20001024 | |
| 905 | @b186428-429@dD952.24@eX759@f2 | |
| 瑞士联邦刑法典/徐久生译.-北京:中国法制出版社,1999.08 |
| 134页;32开 |
| ISBN 7-80083-603-7:8.00元 |
| ● |
| 相关链接 |
|
|
|
正题名:瑞士联邦刑法典
索取号:D952.24/X759
 
预约/预借
| 序号 | 登录号 | 条形码 | 馆藏地/架位号 | 状态 | 备注 |
| 1 | 186429 | 201864296 | 社科库509/422社科库 38排3列4层/ [索取号:D952.24/X759] | 在馆 | |
| 2 | 186528 | 201865286 | 社科库509/509社科库 107排2列1层/ [索取号:D952.24/X759] | 在馆 | |
| 3 | 186529 | 201865295 | 社科库509/509社科库 107排2列1层/ [索取号:D952.24/X759] | 在馆 |